[Event "MCRE_KT20"]
[Site "?"]
[Date "2006.??.??"]
[Round "?"]
[White "Bubenicek, Miloslav"]
[Black "Kyhos, Alois"]
[Result "1/2-1/2"]
[WhiteElo "1805"]
[BlackElo "1951"]
[PlyCount "43"]
[EventDate "2006.??.??"]
[EventType "corr"]
[EventRounds "2"]
[SourceDate "2006.08.10"]

1. e4 e5 2. Nf3 Nc6 3. Bb5 a6 4. Ba4 Nf6 5. O-O Nxe4 6. d4 b5 7. Bb3 d5 8. dxe5
Be6 9. c3 Be7 10. Nbd2 O-O 11. Qe2 Nc5 12. Nd4 Nxd4 13. cxd4 Nxb3 14. Nxb3 Qc8
15. Be3 Bg4 16. f3 Bf5 17. Rac1 Re8 18. Nc5 Rb8 19. b4 Rb6 20. Nd3 Qd7 21. Nc5
Qc8 22. Nd3 1/2-1/2

[Event "MCRE_KT20"]
[Site "?"]
[Date "2006.??.??"]
[Round "?"]
[White "Kyhos, Alois"]
[Black "Tucek, Richard"]
[Result "1-0"]
[WhiteElo "1951"]
[BlackElo "1688"]
[PlyCount "49"]
[EventDate "2006.??.??"]
[EventType "corr"]
[EventRounds "2"]
[SourceDate "2006.08.10"]

1. d4 d5 2. c4 e6 3. Nc3 Nf6 4. Bf4 dxc4 5. e3 Bd6 6. Bxd6 Qxd6 7. Bxc4 O-O 8.
Nf3 c5 9. Nb5 Qe7 10. dxc5 Qxc5 11. Rc1 Qb4+ 12. Qd2 Qxd2+ 13. Kxd2 Nc6 14.
Rhd1 Rd8+ 15. Ke2 Bd7 16. Nd6 Be8 17. Bb5 Nb4 18. Nxe8 Nxe8 19. Bxe8 Rxd1 20.
Bxf7+ Kxf7 21. Rxd1 Nxa2 22. Ne5+ Kf6 23. Nd3 Rc8 24. Ra1 Rc2+ 25. Ke1 1-0

[Event "MCRE_KT20"]
[Site "?"]
[Date "2006.??.??"]
[Round "?"]
[White "Volf, Michal"]
[Black "Bubenicek, Miloslav"]
[Result "1-0"]
[WhiteElo "1809"]
[BlackElo "1805"]
[PlyCount "37"]
[EventDate "2006.??.??"]
[EventType "corr"]
[EventRounds "2"]
[SourceDate "2006.08.10"]

1. e4 d6 2. d4 Nf6 3. Nc3 g6 4. Nf3 Bg7 5. Be2 O-O 6. O-O c6 7. Bf4 b5 8. e5
dxe5 9. dxe5 Nh5 10. Qxd8 Rxd8 11. Bg5 Re8 12. Rfe1 h6 13. Be3 Bg4 14. h3 Bxf3
15. Bxf3 b4 16. Nb5 Bxe5 17. Bxh6 Bxb2 18. Rab1 cxb5 19. Rxb2 1-0

[Event "MCRE_KT20"]
[Site "?"]
[Date "2006.??.??"]
[Round "?"]
[White "Volf, Michal"]
[Black "Kyhos, Alois"]
[Result "1/2-1/2"]
[WhiteElo "1809"]
[BlackElo "1951"]
[PlyCount "45"]
[EventDate "2006.??.??"]
[EventType "corr"]
[EventRounds "2"]
[SourceDate "2006.08.10"]

1. e4 e5 2. Nc3 Nf6 3. Bc4 Nc6 4. Nf3 Nxe4 5. Nxe4 d5 6. Bd3 dxe4 7. Bxe4 Bd6
8. d4 Nxd4 9. Nxd4 exd4 10. Qxd4 O-O 11. Be3 Qe7 12. O-O-O Re8 13. Rhe1 a5 14.
Bd2 Be5 15. Qd3 Bg4 16. f3 Rad8 17. Qf1 Qf6 18. fxg4 Bxb2+ 19. Kb1 Qb6 20.
Bxh7+ Kxh7 21. Qf5+ g6 22. Qxa5 Qxa5 23. Bxa5 1/2-1/2

[Event "MCRE_KT20"]
[Site "?"]
[Date "2006.??.??"]
[Round "?"]
[White "Cakl, Miloslav"]
[Black "Bubenicek, Miloslav"]
[Result "1-0"]
[WhiteElo "1907"]
[BlackElo "1805"]
[PlyCount "53"]
[EventDate "2006.??.??"]
[EventType "corr"]
[EventRounds "2"]
[SourceDate "2006.08.10"]

1. e4 d6 2. d4 Nf6 3. Nc3 g6 4. Nf3 Bg7 5. Be2 O-O 6. O-O Nc6 7. d5 Nb4 8. a3
Na6 9. Bxa6 bxa6 10. Be3 Ng4 11. Bd4 e5 12. dxe6 Bxe6 13. Bxg7 Kxg7 14. Qd3 Qc8
15. b3 Ne5 16. Nxe5 dxe5 17. Qg3 f6 18. Na4 Qb7 19. Nc5 Qc6 20. Qc3 Rfe8 21.
Rad1 Rab8 22. a4 Kh8 23. f4 Bg4 24. Rd5 Bf5 25. fxe5 Bxe4 26. exf6 Qxd5 27. f7+
1-0

[Event "MCRE_KT20"]
[Site "?"]
[Date "2006.??.??"]
[Round "?"]
[White "Tucek, Richard"]
[Black "Kyhos, Alois"]
[Result "0-1"]
[WhiteElo "1688"]
[BlackElo "1951"]
[PlyCount "100"]
[EventDate "2006.??.??"]
[EventType "corr"]
[EventRounds "2"]
[SourceDate "2006.08.10"]

1. c4 e5 2. Nc3 Nf6 3. e3 Bb4 4. Qc2 O-O 5. d3 d5 6. cxd5 Nxd5 7. Bd2 Be6 8.
Nf3 Nc6 9. Be2 f5 10. O-O Bd6 11. Nxd5 Bxd5 12. Bc3 e4 13. dxe4 fxe4 14. Nd4
Qg5 15. Nxc6 Bxc6 16. Qb3+ Kh8 17. Rad1 Rf5 18. Bb4 Rf6 19. Bxd6 cxd6 20. Bc4
Rg6 21. g3 Rh6 22. Bd5 Qh5 23. h4 Rf8 24. Bxc6 bxc6 25. Qb7 d5 26. Rc1 g5 27.
Rxc6 Rxc6 28. Qxc6 gxh4 29. Qd6 Qf3 30. Qe5+ Rf6 31. Qe8+ Kg7 32. Qd7+ Kg6 33.
Qh3 hxg3 34. Qxg3+ Kf5 35. Qxf3+ exf3 36. b4 Rg6+ 37. Kh2 Ke4 38. a4 Kd3 39.
Rd1+ Ke2 40. Rxd5 Kxf2 41. Rd2+ Kxe3 42. Rb2 Rg2+ 43. Rxg2 fxg2 44. Kxg2 Kd4
45. b5 Kc4 46. Kf3 Kb4 47. Kf4 Kxa4 48. Kg5 Kxb5 49. Kh6 a5 50. Kxh7 a4 0-1

[Event "MCRE_KT20"]
[Site "?"]
[Date "2006.??.??"]
[Round "?"]
[White "Tunega, Frantisek"]
[Black "Tucek, Richard"]
[Result "1-0"]
[WhiteElo "1600"]
[BlackElo "1688"]
[PlyCount "61"]
[EventDate "2006.??.??"]
[EventType "corr"]
[EventRounds "2"]
[SourceDate "2006.08.10"]

1. e4 c6 2. d4 d5 3. Nc3 dxe4 4. Nxe4 e6 5. Nf3 Nd7 6. Bd3 Ngf6 7. c3 Nxe4 8.
Bxe4 Nf6 9. Bc2 c5 10. O-O cxd4 11. Nxd4 Be7 12. Qd3 O-O 13. Bg5 g6 14. Rfe1
Bd7 15. Qf3 Nd5 16. Bxe7 Nxe7 17. Qxb7 Rb8 18. Qxa7 Rxb2 19. Bb3 Nc6 20. Qa3
Rd2 21. Qc1 Rxd4 22. cxd4 Nxd4 23. Qc5 Nxb3 24. axb3 Qc8 25. b4 Qxc5 26. bxc5
Bc6 27. f3 Ra8 28. Rxa8+ Bxa8 29. Rd1 Bd5 30. Rxd5 exd5 31. c6 1-0

[Event "MCRE_KT20"]
[Site "?"]
[Date "2006.??.??"]
[Round "?"]
[White "Cakl, Miloslav"]
[Black "Tucek, Richard"]
[Result "1-0"]
[WhiteElo "1907"]
[BlackElo "1688"]
[PlyCount "105"]
[EventDate "2006.??.??"]
[EventType "corr"]
[EventRounds "2"]
[SourceDate "2006.08.10"]

1. e4 e5 2. Nf3 Nc6 3. Nc3 Nf6 4. Bb5 d6 5. d4 exd4 6. Nxd4 Bd7 7. O-O Nxd4 8.
Bxd7+ Qxd7 9. Qxd4 Be7 10. Rd1 O-O 11. e5 Ne8 12. Bf4 Qe6 13. Re1 dxe5 14. Bxe5
Bf6 15. Nd5 Bxe5 16. Rxe5 Qd6 17. Rd1 Nf6 18. Ne7+ Kh8 19. Qxd6 cxd6 20. Rxd6
Rad8 21. Nf5 g6 22. h3 gxf5 23. Rxf6 Rd1+ 24. Kh2 Rd2 25. Rc5 Rxf2 26. Rfxf5
Rxf5 27. Rxf5 Kg7 28. g4 f6 29. c4 Re8 30. Kg3 b6 31. Kf2 Kg6 32. Rd5 Rc8 33.
b3 Rc7 34. Kf3 Re7 35. h4 Rb7 36. Rd6 Rf7 37. g5 h6 38. Rxf6+ Rxf6+ 39. gxf6
Kxf6 40. Kg4 Kg6 41. b4 h5+ 42. Kf4 Kf6 43. c5 bxc5 44. bxc5 a6 45. Ke4 Ke6 46.
Kd4 Kd7 47. Kd5 a5 48. c6+ Kc7 49. a4 Kc8 50. Kc5 Kc7 51. Kb5 Kc8 52. Kxa5 Kc7
53. Kb5 1-0

[Event "MCRE_KT20"]
[Site "?"]
[Date "2006.??.??"]
[Round "?"]
[White "Tucek, Richard"]
[Black "Volf, Michal"]
[Result "0-1"]
[WhiteElo "1809"]
[BlackElo "1688"]
[PlyCount "68"]
[EventDate "2006.??.??"]
[EventType "corr"]
[EventRounds "2"]
[SourceDate "2006.08.10"]

1. d4 f5 2. c4 e6 3. e3 Nf6 4. Be2 Be7 5. Bh5+ Nxh5 6. Qxh5+ g6 7. Qe2 d5 8.
cxd5 exd5 9. Nf3 b6 10. O-O Ba6 11. Qc2 Bxf1 12. Kxf1 O-O 13. Nbd2 Qd6 14. Ne5
c5 15. Ndf3 Nc6 16. Nxc6 Qxc6 17. dxc5 Qxc5 18. Qxc5 bxc5 19. Bd2 Bf6 20. Bc3
Bxc3 21. bxc3 f4 22. Rb1 fxe3 23. fxe3 Rab8 24. Rxb8 Rxb8 25. Ke2 Rb2+ 26. Kd3
Rxa2 27. e4 dxe4+ 28. Kxe4 Rxg2 29. Kd5 Rf2 30. Ne5 Rf5 31. Kd6 Rxe5 32. Kxe5
a5 33. Ke4 a4 34. Kd3 Kf7 0-1

[Event "MCRE_KT20"]
[Site "?"]
[Date "2006.??.??"]
[Round "?"]
[White "Volf, Michal"]
[Black "Tucek, Richard"]
[Result "1-0"]
[WhiteElo "1809"]
[BlackElo "1688"]
[PlyCount "59"]
[EventDate "2006.??.??"]
[EventType "corr"]
[EventRounds "2"]
[SourceDate "2006.08.10"]

1. e4 e6 2. d4 d5 3. e5 c5 4. c3 cxd4 5. cxd4 Bb4+ 6. Bd2 Bxd2+ 7. Qxd2 Nc6 8.
Nf3 Nge7 9. Nc3 O-O 10. Bd3 Nf5 11. Bxf5 exf5 12. O-O Be6 13. Ne2 f6 14. Rfe1
fxe5 15. dxe5 f4 16. h3 Qe8 17. Nxf4 Qf7 18. Nxe6 Qxe6 19. Ng5 Qd7 20. Qd3 g6
21. Rad1 d4 22. Qb3+ Kh8 23. Re4 Rf5 24. f4 Raf8 25. Ne6 Re8 26. Nxd4 Nxd4 27.
Rdxd4 Qc6 28. Rc4 Qe6 29. Qxb7 Rf7 30. Qc6 1-0

[Event "MCRE_KT20"]
[Site "?"]
[Date "2006.??.??"]
[Round "?"]
[White "Cakl, Miloslav"]
[Black "Kyhos, Alois"]
[Result "1-0"]
[WhiteElo "1907"]
[BlackElo "1951"]
[PlyCount "85"]
[EventDate "2006.??.??"]
[EventType "corr"]
[EventRounds "2"]
[SourceDate "2006.08.10"]

1. e4 e5 2. Nf3 Nc6 3. Nc3 Nf6 4. Bb5 Bb4 5. O-O O-O 6. d3 d6 7. Bg5 Bxc3 8.
bxc3 Qe7 9. Re1 Nd8 10. d4 Ne6 11. Bc1 c5 12. Bc4 Rd8 13. Rb1 Rb8 14. a4 Qe8
15. d5 Nc7 16. Bg5 Qxa4 17. Bxf6 gxf6 18. Nd2 Qd7 19. Qf3 Qe7 20. Qh5 b5 21.
Be2 Kh8 22. Ra1 a6 23. c4 b4 24. Bg4 Rg8 25. Bxc8 Rbxc8 26. Qh3 Qf8 27. Nf1 Qg7
28. Ne3 Rcd8 29. c3 bxc3 30. Rec1 Qg5 31. Rxc3 Qf4 32. Qf5 Rb8 33. Qxf4 exf4
34. Nf5 Rb6 35. Kf1 Re8 36. Re1 Ra8 37. Ke2 Ne8 38. Kf3 Ng7 39. Kxf4 a5 40. Re2
Ra7 41. Ra2 a4 42. h4 Re7 43. Nxe7 1-0

[Event "MCRE_KT20"]
[Site "?"]
[Date "2006.??.??"]
[Round "?"]
[White "Tucek, Richard"]
[Black "Cakl, Miloslav"]
[Result "0-1"]
[WhiteElo "1688"]
[BlackElo "1907"]
[PlyCount "100"]
[EventDate "2006.??.??"]
[EventType "corr"]
[EventRounds "2"]
[SourceDate "2006.08.10"]

1. Nf3 Nf6 2. e3 d5 3. c4 e6 4. d4 Be7 5. cxd5 exd5 6. Nc3 O-O 7. Be2 c6 8. O-O
Re8 9. Ne5 Bd6 10. Ng4 Nxg4 11. Bxg4 Qh4 12. h3 Bxg4 13. Qxg4 Qxg4 14. hxg4 Nd7
15. Bd2 h6 16. Rfe1 Nf6 17. f3 Re6 18. e4 Bg3 19. Re2 dxe4 20. Nxe4 Nxe4 21.
Rxe4 Rxe4 22. fxe4 Re8 23. Be1 Bf4 24. e5 c5 25. dxc5 Bxe5 26. Bf2 Bxb2 27. Rb1
Re2 28. c6 bxc6 29. Bxa7 Ba3 30. Rb8+ Kh7 31. Rc8 c5 32. Rc7 Rc2 33. Rxf7 Rxa2
34. Rc7 Rc2 35. Bb8 Bb2 36. Re7 Bf6 37. Re4 c4 38. Be5 Kg6 39. Bxf6 Kxf6 40.
Kh2 c3 41. Rc4 Ke5 42. Kg3 Kd5 43. Rc7 Kd4 44. Rxg7 Rd2 45. Rd7+ Kc4 46. Rc7+
Kb3 47. Rb7+ Ka2 48. Ra7+ Kb1 49. Rb7+ Rb2 50. Rc7 c2 0-1

[Event "MCRE_KT20"]
[Site "?"]
[Date "2006.??.??"]
[Round "?"]
[White "Bubenicek, Miloslav"]
[Black "Cakl, Miloslav"]
[Result "0-1"]
[WhiteElo "1805"]
[BlackElo "1907"]
[PlyCount "58"]
[EventDate "2006.??.??"]
[EventType "corr"]
[EventRounds "2"]
[SourceDate "2006.08.10"]

1. e4 c5 2. Nf3 d6 3. Bb5+ Nc6 4. O-O a6 5. Bxc6+ bxc6 6. d4 cxd4 7. Qxd4 e5 8.
Qd3 Qc7 9. Nc3 Be7 10. Rd1 h6 11. b3 Be6 12. Ba3 Qa5 13. Na4 Nf6 14. c4 Rd8 15.
Bb2 O-O 16. Bc3 Qc7 17. h3 Nd7 18. Qd2 Rde8 19. Ba5 Qb7 20. Qe3 f5 21. exf5
Bxf5 22. Bc3 Bh7 23. Bb2 d5 24. Ne1 d4 25. Qg3 c5 26. f3 Bd6 27. Bc1 Rf6 28.
Qh4 e4 29. Ba3 exf3 0-1

[Event "MCRE_KT20"]
[Site "?"]
[Date "2006.??.??"]
[Round "?"]
[White "Cakl, Miloslav"]
[Black "Volf, Michal"]
[Result "1-0"]
[WhiteElo "1907"]
[BlackElo "1809"]
[PlyCount "53"]
[EventDate "2006.??.??"]
[EventType "corr"]
[EventRounds "2"]
[SourceDate "2006.08.10"]

1. e4 e5 2. Nf3 d6 3. d4 Nf6 4. dxe5 Nxe4 5. Bc4 c6 6. Nbd2 Nxd2 7. Bxd2 d5 8.
Bd3 Be7 9. O-O Nd7 10. b4 O-O 11. Re1 a5 12. c3 axb4 13. cxb4 Re8 14. a4 Nf8
15. Qc2 Bg4 16. Nd4 h6 17. h3 Bd7 18. a5 Qc7 19. Rac1 Ne6 20. Qc3 Nxd4 21. Qxd4
Be6 22. Re3 Rad8 23. Rg3 Kh8 24. Be3 Qd7 25. Bb1 Bf8 26. Qh4 Be7 27. Qh5 1-0

[Event "MCRE_KT20"]
[Site "?"]
[Date "2006.??.??"]
[Round "?"]
[White "Tucek, Richard"]
[Black "Tunega, Frantisek"]
[Result "0-1"]
[WhiteElo "1688"]
[BlackElo "1600"]
[PlyCount "66"]
[EventDate "2006.??.??"]
[EventType "corr"]
[EventRounds "2"]
[SourceDate "2006.08.10"]

1. b4 e5 2. Bb2 d6 3. e3 Nf6 4. a3 Be7 5. Nf3 e4 6. Nd4 O-O 7. d3 c5 8. bxc5
dxc5 9. Nb3 Bg4 10. Be2 Bxe2 11. Qxe2 exd3 12. cxd3 Qd5 13. N1d2 Qxg2 14. Qf3
Qxf3 15. Nxf3 Nbd7 16. Ne5 Nxe5 17. Bxe5 Rad8 18. Ke2 Nd5 19. Rac1 Rfe8 20. d4
f6 21. Bg3 cxd4 22. Nxd4 Bxa3 23. Ra1 Bb2 24. Rxa7 Bxd4 25. Rxb7 Be5 26. Bxe5
Rxe5 27. Rg1 Nc3+ 28. Kf3 Rf5+ 29. Kg2 Rg5+ 30. Kh1 Rd1 31. Rxd1 Nxd1 32. Rb8+
Kf7 33. Rb7+ Kg6 0-1

[Event "MCRE_KT20"]
[Site "?"]
[Date "2006.??.??"]
[Round "?"]
[White "Volf, Michal"]
[Black "Cakl, Miloslav"]
[Result "1-0"]
[WhiteElo "1809"]
[BlackElo "1907"]
[PlyCount "73"]
[EventDate "2006.??.??"]
[EventType "corr"]
[EventRounds "2"]
[SourceDate "2006.08.10"]

1. e4 c5 2. Nf3 d6 3. d4 cxd4 4. Nxd4 Nf6 5. Nc3 g6 6. Be3 Bg7 7. Bc4 O-O 8. f3
Nc6 9. Qd2 Bd7 10. O-O-O Rc8 11. Bb3 Na5 12. Qd3 Nxb3+ 13. Nxb3 Be6 14. Qb5 b6
15. Nd4 Bc4 16. Qa4 a5 17. Nc6 Qd7 18. Qxc4 Rxc6 19. Qd3 Rfc8 20. Rhe1 a4 21.
a3 Ne8 22. Bd4 Bxd4 23. Qxd4 b5 24. Re2 Rc4 25. Qb6 b4 26. axb4 a3 27. Rd3 R4c6
28. Qa5 axb2+ 29. Kxb2 Qb7 30. b5 Nc7 31. e5 Rc5 32. exd6 exd6 33. Re7 Qb8 34.
Kc1 Nxb5 35. Nxb5 Rf8 36. Rb3 Qb6 37. Qxb6 1-0

[Event "MCRE_KT20"]
[Site "?"]
[Date "2006.??.??"]
[Round "?"]
[White "Bubenicek, Miloslav"]
[Black "Volf, Michal"]
[Result "0-1"]
[WhiteElo "1805"]
[BlackElo "1809"]
[PlyCount "58"]
[EventDate "2006.??.??"]
[EventType "corr"]
[EventRounds "2"]
[SourceDate "2006.08.10"]

1. e4 e5 2. Nf3 Nc6 3. Bb5 Nf6 4. O-O d6 5. d4 Bd7 6. Nc3 Be7 7. Re1 exd4 8.
Nxd4 O-O 9. Nxc6 bxc6 10. Bd3 Re8 11. h3 Rb8 12. b3 Be6 13. Bb2 Nd7 14. Ne2 Bf6
15. Nd4 Ne5 16. Nxe6 Rxe6 17. Qc1 Nxd3 18. cxd3 Bxb2 19. Qxb2 Rg6 20. Re3 c5
21. Rf3 Qh4 22. Qa3 Qg5 23. g3 Qe5 24. Rc1 Qe8 25. Rf5 Rh6 26. Kh2 Rb6 27. Qa5
Qd7 28. Qd2 c6 29. Rc4 Rb5 0-1

[Event "MCRE_KT20"]
[Site "?"]
[Date "2006.??.??"]
[Round "?"]
[White "Tunega, Frantisek"]
[Black "Bubenicek, Miloslav"]
[Result "1-0"]
[WhiteElo "1600"]
[BlackElo "1805"]
[PlyCount "51"]
[EventDate "2006.??.??"]
[EventType "corr"]
[EventRounds "2"]
[SourceDate "2006.08.10"]

1. e4 d6 2. d4 Nf6 3. Nc3 g6 4. f4 Bg7 5. Nf3 O-O 6. Bd3 Nc6 7. O-O Bg4 8. Be3
e5 9. fxe5 dxe5 10. d5 Nd4 11. Be2 Bxf3 12. Bxf3 Ne8 13. Qd3 Ne6 14. dxe6 fxe6
15. Qxd8 Rxd8 16. Bg4 Rd6 17. Nb5 Rc6 18. Nxa7 Rxc2 19. Bxe6+ Kh8 20. Rxf8+
Bxf8 21. Rf1 Bb4 22. a3 Bd6 23. Nc8 h6 24. Bf7 Re2 25. Ba7 Rxb2 26. Bxe8 1-0

[Event "MCRE_KT20"]
[Site "?"]
[Date "2006.??.??"]
[Round "?"]
[White "Bubenicek, Miloslav"]
[Black "Tunega, Frantisek"]
[Result "0-1"]
[WhiteElo "1805"]
[BlackElo "1600"]
[PlyCount "56"]
[EventDate "2006.??.??"]
[EventType "corr"]
[EventRounds "2"]
[SourceDate "2006.08.10"]

1. e4 c5 2. Nf3 Nc6 3. Bb5 Nd4 4. Nxd4 cxd4 5. c3 Qa5 6. Qe2 Qb6 7. O-O e6 8.
Qc4 Nf6 9. d3 a6 10. Ba4 dxc3 11. Nxc3 Qd6 12. d4 b5 13. Bxb5 axb5 14. Nxb5 Qb8
15. Nc7+ Kd8 16. Nxa8 Qxa8 17. e5 Ba6 18. Qa4 Nd5 19. Bd2 Qc6 20. Ba5+ Ke8 21.
Qxc6 dxc6 22. Rfe1 Kd7 23. h3 Be7 24. a3 Bc4 25. Bd2 Bb3 26. a4 Bc4 27. a5 Ba6
28. Reb1 Rb8 0-1

[Event "MCRE_KT20"]
[Site "?"]
[Date "2006.??.??"]
[Round "?"]
[White "Tucek, Richard"]
[Black "Bubenicek, Miloslav"]
[Result "1-0"]
[WhiteElo "1688"]
[BlackElo "1805"]
[PlyCount "83"]
[EventDate "2006.??.??"]
[EventType "corr"]
[EventRounds "2"]
[SourceDate "2006.08.10"]

1. e4 d6 2. d4 Nf6 3. Nc3 g6 4. Nf3 Bg7 5. Be2 O-O 6. O-O Bg4 7. Bf4 c6 8. Qd2
Bxf3 9. Bxf3 Nbd7 10. Bh6 e5 11. Bxg7 Kxg7 12. dxe5 dxe5 13. Be2 Nc5 14. Qxd8
Raxd8 15. f3 Rd2 16. Rac1 Rfd8 17. Rfd1 R2d4 18. Kf2 Ne6 19. a3 a5 20. g3 b5
21. Na2 R4d7 22. Rxd7 Rxd7 23. Rd1 Rxd1 24. Bxd1 Nd7 25. Be2 Nd4 26. c3 Nxe2
27. Kxe2 Kf6 28. Nc1 a4 29. b3 Nb6 30. bxa4 Nxa4 31. Kd2 Nb2 32. Nd3 Nc4+ 33.
Ke2 Nxa3 34. Nb4 c5 35. Na6 c4 36. Kd2 b4 37. cxb4 Nb5 38. Nb8 Ke6 39. Nc6 Nd4
40. Nxd4+ exd4 41. f4 Kd6 42. g4 1-0

[Event "MCRE_KT20"]
[Site "?"]
[Date "2006.??.??"]
[Round "?"]
[White "Kyhos, Alois"]
[Black "Cakl, Miloslav"]
[Result "1-0"]
[WhiteElo "1951"]
[BlackElo "1907"]
[PlyCount "103"]
[EventDate "2006.??.??"]
[EventType "corr"]
[EventRounds "2"]
[SourceDate "2006.08.10"]

1. d4 Nf6 2. c4 e6 3. Nf3 d5 4. Nc3 c6 5. Bg5 dxc4 6. e4 b5 7. e5 h6 8. Bh4 g5
9. Nxg5 hxg5 10. Bxg5 Nbd7 11. g3 Qa5 12. exf6 b4 13. Ne4 Ba6 14. Qf3 O-O-O 15.
Be3 c5 16. Bg2 cxd4 17. Bxd4 Ne5 18. Bxe5 Qxe5 19. O-O Rd3 20. Qe2 Qh5 21. Qxh5
Rxh5 22. Rfc1 Kd7 23. h4 Ke8 24. Bf1 Rd4 25. f3 Bh6 26. Rc2 Be3+ 27. Kh2 Kd8
28. Re1 Bh6 29. Kh3 Rf5 30. f4 e5 31. Kg4 Bc8 32. Kf3 Bb7 33. Rxc4 Rxe4 34.
Rexe4 b3 35. axb3 Rxf6 36. Kf2 Bxe4 37. Rxe4 exf4 38. g4 Bf8 39. g5 Rb6 40.
Rxf4 Bc5+ 41. Kf3 Rxb3+ 42. Kg4 Rxb2 43. Rxf7 Rb4+ 44. Kh5 a5 45. Bh3 Be7 46.
Rf5 Ke8 47. Bg4 a4 48. g6 Bf8 49. Re5+ Kd8 50. Rd5+ Kc7 51. Rf5 Rb8 52. Rxf8
1-0

[Event "MCRE_KT20"]
[Site "?"]
[Date "2006.??.??"]
[Round "?"]
[White "Tunega, Frantisek"]
[Black "Cakl, Miloslav"]
[Result "1-0"]
[WhiteElo "1600"]
[BlackElo "1907"]
[PlyCount "79"]
[EventDate "2006.??.??"]
[EventType "corr"]
[EventRounds "2"]
[SourceDate "2006.08.10"]

1. e4 c5 2. c3 Nf6 3. e5 Nd5 4. Nf3 Nc6 5. Bc4 Nb6 6. Bb3 d5 7. exd6 Qxd6 8.
O-O c4 9. Bc2 Bg4 10. h3 Bh5 11. Re1 Ne5 12. Rxe5 Bxf3 13. Qe1 Bd5 14. b3 Qc6
15. Be4 e6 16. bxc4 Bxe4 17. Rxe4 Nxc4 18. d3 Nd6 19. Rg4 Nf5 20. Ba3 Bd6 21.
Bxd6 Qxd6 22. Qe2 Rd8 23. d4 Qc6 24. a4 O-O 25. Qd3 Rc8 26. Ra3 Rfd8 27. Nd2
Rd5 28. c4 Rdd8 29. d5 Qd6 30. Rb3 b6 31. Rb1 Qd7 32. Rb5 Qc7 33. g3 Qe5 34.
Ne4 Qa1+ 35. Kg2 Qxa4 36. Qb1 h5 37. Rf4 Rxc4 38. Nc3 Rxf4 39. Nxa4 Rxa4 40.
dxe6 1-0

[Event "MCRE_KT20"]
[Site "?"]
[Date "2006.??.??"]
[Round "?"]
[White "Cakl, Miloslav"]
[Black "Tunega, Frantisek"]
[Result "1/2-1/2"]
[WhiteElo "1907"]
[BlackElo "1600"]
[PlyCount "94"]
[EventDate "2006.??.??"]
[EventType "corr"]
[EventRounds "2"]
[SourceDate "2006.08.10"]

1. e4 c5 2. Nf3 Nc6 3. Bb5 Nd4 4. Nxd4 cxd4 5. c3 dxc3 6. Nxc3 a6 7. Bc4 e6 8.
d4 b5 9. Bd3 d6 10. O-O Nf6 11. Bg5 h6 12. Be3 Be7 13. e5 dxe5 14. dxe5 Nd5 15.
Qf3 Bb7 16. Be4 O-O 17. Rfd1 Qc7 18. Bxd5 Bxd5 19. Nxd5 exd5 20. Rxd5 Qc2 21.
Rd2 Qg6 22. Rd7 Qe6 23. Qd5 Qxd5 24. Rxd5 Rfd8 25. Rad1 Rxd5 26. Rxd5 Rc8 27.
g4 f6 28. Rd2 fxe5 29. Kg2 Kf7 30. b3 Ke6 31. f4 exf4 32. Bxf4 Bf8 33. h4 Bb4
34. Re2+ Kd5 35. h5 Bc3 36. Kf3 Bd4 37. g5 hxg5 38. Bxg5 a5 39. Re7 Rf8+ 40.
Bf4 a4 41. Rd7+ Kc5 42. Kg4 Re8 43. Bg5 axb3 44. axb3 Bc3 45. Be7+ Kc6 46. Rd6+
Kb7 47. Rd3 b4 1/2-1/2

[Event "MCRE_KT20"]
[Site "?"]
[Date "2006.??.??"]
[Round "?"]
[White "Volf, Michal"]
[Black "Tunega, Frantisek"]
[Result "0-1"]
[WhiteElo "1809"]
[BlackElo "1600"]
[PlyCount "102"]
[EventDate "2006.??.??"]
[EventType "corr"]
[EventRounds "2"]
[SourceDate "2006.08.10"]

1. d4 Nf6 2. c4 g6 3. Nc3 d6 4. Nf3 Bg7 5. e3 O-O 6. Be2 Nbd7 7. O-O e5 8. b3
e4 9. Nd2 Re8 10. Bb2 Nf8 11. Qc2 Bf5 12. Rac1 Ne6 13. Nd5 h5 14. Rfd1 Ng4 15.
h3 Nxf2 16. Kxf2 c6 17. Nc3 Nxd4 18. Qb1 Nf3 19. Qa1 Nxd2 20. Rxd2 Bh6 21. Nd1
Qh4+ 22. Kf1 Bxe3 23. Nxe3 Qf4+ 24. Ke1 Qxe3 25. Bh8 Qh6 26. Bf6 e3 27. Rd4 Re6
28. Rh4 g5 29. Rxh5 Qxf6 30. Qxf6 Rxf6 31. Rxg5+ Kf8 32. Bf3 Re8 33. Ke2 a6 34.
h4 Be4 35. h5 Ree6 36. a3 Bf5 37. Rc3 Re5 38. Ke1 Rfe6 39. Rxf5 Rxf5 40. Bg4
Rfe5 41. Bxe6 fxe6 42. g4 d5 43. Rd3 c5 44. Ke2 d4 45. Rd1 Re4 46. Rg1 Rf4 47.
Rg2 e5 48. g5 e4 49. g6 Rf3 50. b4 d3+ 51. Ke1 d2+ 0-1

[Event "MCRE_KT20"]
[Site "?"]
[Date "2006.??.??"]
[Round "?"]
[White "Tunega, Frantisek"]
[Black "Volf, Michal"]
[Result "1-0"]
[WhiteElo "1600"]
[BlackElo "1809"]
[PlyCount "97"]
[EventDate "2006.??.??"]
[EventType "corr"]
[EventRounds "2"]
[SourceDate "2006.08.10"]

1. e4 e5 2. Nf3 d6 3. d4 Nf6 4. Nc3 exd4 5. Nxd4 Be7 6. Bc4 c6 7. O-O O-O 8.
Bb3 Nbd7 9. Nf5 Nc5 10. Nxe7+ Qxe7 11. f3 h6 12. Qd4 Be6 13. Be3 Nxb3 14. axb3
a6 15. Rfd1 Rad8 16. Bf2 Rfe8 17. Bh4 g5 18. Bf2 d5 19. Qe5 Nh5 20. exd5 Bxd5
21. Qxe7 Rxe7 22. Kf1 Nf4 23. g3 Ng6 24. Nxd5 Rxd5 25. Rxd5 cxd5 26. Rd1 Ne5
27. Bc5 Rd7 28. Ke2 f5 29. h3 g4 30. hxg4 fxg4 31. fxg4 Nxg4 32. c4 Kf7 33.
cxd5 Nf6 34. Be3 Nxd5 35. Bxh6 Kg6 36. Be3 a5 37. Rd4 Kf6 38. Kf3 b5 39. Bd2 b4
40. Ke4 Ke6 41. Bg5 Rd6 42. g4 Rd7 43. Rd3 Rd6 44. Bh4 Rd7 45. g5 Rh7 46. Bg3
Rh3 47. Rf3 Ne7 48. Rf6+ Kd7 49. Kf3 1-0

[Event "MCRE_KT20"]
[Site "?"]
[Date "2006.??.??"]
[Round "?"]
[White "Kyhos, Alois"]
[Black "Tunega, Frantisek"]
[Result "1-0"]
[WhiteElo "1951"]
[BlackElo "1600"]
[PlyCount "67"]
[EventDate "2006.??.??"]
[EventType "corr"]
[EventRounds "2"]
[SourceDate "2006.08.10"]

1. d4 Nf6 2. c4 d6 3. Nc3 g6 4. e4 Bg7 5. g3 O-O 6. Bg2 e5 7. Nge2 exd4 8. Nxd4
Nc6 9. Nxc6 bxc6 10. O-O Be6 11. Qd3 Ng4 12. b3 d5 13. exd5 Bf5 14. Qd2 cxd5
15. cxd5 Re8 16. Bb2 Qd7 17. Na4 Bxb2 18. Qxb2 Qd6 19. Rac1 Rab8 20. Qd4 a5 21.
h3 Ne5 22. Qc3 Nd3 23. Qxc7 Qb4 24. Rc4 Qd2 25. g4 Rbc8 26. Qd6 Re1 27. Qg3
Rxc4 28. bxc4 Be4 29. Rxe1 Qxe1+ 30. Bf1 Qc1 31. d6 Nf4 32. Qe3 Qxe3 33. fxe3
Ne6 34. Bg2 1-0

[Event "MCRE_KT20"]
[Site "?"]
[Date "2006.??.??"]
[Round "?"]
[White "Tunega, Frantisek"]
[Black "Kyhos, Alois"]
[Result "1/2-1/2"]
[WhiteElo "1600"]
[BlackElo "1951"]
[PlyCount "93"]
[EventDate "2006.??.??"]
[EventType "corr"]
[EventRounds "2"]
[SourceDate "2006.08.10"]

1. e4 e5 2. Nf3 Nc6 3. c3 Nf6 4. d4 Nxe4 5. d5 Ne7 6. Nxe5 Ng6 7. Nxg6 hxg6 8.
Bd3 Nf6 9. O-O Bd6 10. Re1+ Kf8 11. h3 Nxd5 12. Bxg6 Nf4 13. Be4 Qf6 14. Na3 c6
15. Bc2 Bc7 16. Be3 b6 17. Qd4 Qxd4 18. Bxd4 d5 19. Rad1 Ba6 20. Be3 Rd8 21. c4
Rh5 22. Ba4 Bb7 23. b4 Ne6 24. cxd5 Rhxd5 25. Rxd5 Rxd5 26. Nc2 Rd3 27. Kf1 Bd6
28. Ke2 Rd5 29. Kf1 Nf4 30. a3 Be5 31. g3 Ng6 32. h4 Bc3 33. Rc1 Ne5 34. Bf4
Nd3 35. Ne3 Nxc1 36. Nxd5 Bb2 37. Ne3 Bxa3 38. Nf5 c5 39. bxc5 bxc5 40. Nd6 Bd5
41. Nb5 Bc4+ 42. Kg2 Bb2 43. Bd6+ Kg8 44. Bxc5 a5 45. Kf3 Bb3 46. Bxb3 Nxb3 47.
Ba3 1/2-1/2

[Event "MCRE_KT20"]
[Site "?"]
[Date "2006.??.??"]
[Round "?"]
[White "Kyhos, Alois"]
[Black "Bubenicek, Miloslav"]
[Result "1-0"]
[WhiteElo "1951"]
[BlackElo "1805"]
[PlyCount "37"]
[EventDate "2006.??.??"]
[EventType "corr"]
[EventRounds "2"]
[SourceDate "2006.08.10"]

1. d4 f5 2. Nf3 Nf6 3. g3 g6 4. Bg2 Bg7 5. c4 d6 6. O-O O-O 7. Nc3 c6 8. b3
Nbd7 9. Ng5 Nb8 10. Bb2 d5 11. e3 Ne4 12. Ngxe4 fxe4 13. f3 exf3 14. Rxf3 e6
15. Rxf8+ Qxf8 16. Qe2 Nd7 17. a3 Nf6 18. Rf1 Qd6 19. c5 1-0